000 00659nam a22001697a 4500
005 20250924123231.0
100 _aJayan, A.
245 _aImpact of copper oxide nanoparticles for an effective low-temperature vulcanization of neoprene
260 _bInternational Rubber Conference-Rubber Con 2024: Sustainable Development in Rubber Industry-Challenges and Opportunities, 5-7 December 2024, Indian Rubber Institute, Kochi, India, p. 114.
300 _bAbstract only
650 _aSensor encapsulation
650 _aLow-temperature vulcanization
650 _aCopper oxide nanoparticles
700 _aAbhitha, K.
700 _aAnnadurai, P.
942 _cJS
999 _c75666
_d75666